000 00482nam a2200181Ia 4500
001 19759
005 20260306172716.0
008 260306t1991||||xx |||||||||||||| ||spa||
041 _aESP
082 _a341
_bT78
100 _aTrazegnies Granda, Fernando de
_eAUT
245 0 _aIntroducción a la filosofía del derecho y a la teoría general del derecho
260 _c1991
300 _a325 páginas :
_c20 cm.
650 _aGEN
654 _aCDE
942 _cLIB
_dJUS
_fJUS
_2ddc
_n
999 _c19759
_d19759